| 000 | 01876cam a22003854i 4500 | ||
|---|---|---|---|
| 003 | PE-LiUPU | ||
| 005 | 20250731183350.0 | ||
| 020 | _a8499588883 | ||
| 020 | _a9788499588889 | ||
| 035 | _a(Sirsi) i9788499588889 | ||
| 040 |
_aBNM _bspa _erdc _cBNM _dESUDE _dPE-LiUPU _erda |
||
| 049 | _aPRUA | ||
| 082 |
_a796.01 _bC79 _220 |
||
| 100 | 1 |
_aCórdova Martínez, Alfredo, _eautor. |
|
| 245 | 1 | 0 |
_aFisiología deportiva / _cAlfredo Córdova Martínez. |
| 264 |
_aMadrid : _bSíntesis, _c2013. |
||
| 300 |
_a333 páginas : _bilustraciones ; _c23 centímetros. |
||
| 336 |
_text _2rdacontent |
||
| 337 |
_unmediated _2rdamedia |
||
| 338 |
_volume _2rdacarrier |
||
| 504 | _aBibliografía : páginas 331-333. | ||
| 505 | _aaBases fisiológicas del ejercicio físico -- Ejercicio-deporte y calidad de vida -- Control de movimiento -- Sistema muscular -- Energética de la contracción muscular -- Bases fisiológicas de biomecánica -- Sistema sanguíneo -- Adaptaciones cardiovasculares al ejercicio físico -- Aparato respiratorio. adaptaciones al ejercicio -- Sistema renal. líquidos corporales -- Sistema endocrino -- Sistema inmunológico -- Introducción a la genética en el deporte -- Envejecimiento y actividad física. | ||
| 526 | _aP158 | ||
| 526 | _aP146 | ||
| 526 | _aP17 | ||
| 526 | _aP12 | ||
| 526 | _aP06 | ||
| 541 | _g001-003151; | ||
| 650 | 0 | 4 |
_aDeportes _xFisiología. |
| 942 |
_2ddc _cBOOK |
||
| 949 |
_a796.01 C79 _wDEWEY _c1 _i74021 _lCCODEBUL1 _mBUL _p45.45 _r0 _sY _tBOOK _u2016-7-12 _xEDUCACION _PP30 _0COMPRA _o.STAFF. Colección General |
||
| 994 |
_aC0 _bPEPRU |
||
| 596 | _a1 | ||
| 999 |
_a796.01 C79 _wDEWEY _c11078 _i74021 _e2017-4-19 _f2021-11-9 _g5 _lCCODEBUL1 _mBUL _n1 _p45.45 _r0 _sY _tBOOK _u2016-7-12 _xEDUCACION _PP30 _0COMPRA _o.STAFF. Colección General _d11078 |
||
| 980 |
_81 _gALBERTO SANCHEZ Responsable de Automatización |
||